| 000 | 00604cam a2200205 a 4500 | ||
|---|---|---|---|
| 001 | 000010659 | ||
| 005 | 20240508203146.0 | ||
| 008 | 920714s1986 cl a 000 0 spa | ||
| 040 |
_aDO-SdBNP _bspa _cBNPHU |
||
| 082 |
_a502 _bÓ45n |
||
| 100 | 1 |
_aOlguín M., Hernán. _925817 |
|
| 245 | 1 | 0 |
_aNotas del mundo de hoy / _cHernán Olguín M. |
| 260 |
_a[Chile] : _bBanmedica, _c[1986?]. |
||
| 300 |
_a150 p. : _bil. ; _c23 cm. |
||
| 650 | 4 |
_aTeoría planetaria _925818 |
|
| 650 | 4 |
_aCiencias _925819 |
|
| 650 | 4 |
_aAstrología _925640 |
|
| 650 | 4 |
_aInformática médica _925820 |
|
| 650 | 0 |
_aTecnología _925821 |
|
| 999 |
_c10414 _d10414 |
||